<?xml version="1.0" encoding="UTF-8"?>
<record
    xmlns:xsi="http://www.w3.org/2001/XMLSchema-instance"
    xsi:schemaLocation="http://www.loc.gov/MARC21/slim http://www.loc.gov/standards/marcxml/schema/MARC21slim.xsd"
    xmlns="http://www.loc.gov/MARC21/slim">

  <leader>01940cam a2200349 a 4500</leader>
  <controlfield tag="003">EG-GiCUC</controlfield>
  <controlfield tag="005">20250223030903.0</controlfield>
  <controlfield tag="008">131112s2013    ua dh  f m    000 0 eng d</controlfield>
  <datafield tag="040" ind1=" " ind2=" ">
    <subfield code="a">EG-GiCUC</subfield>
    <subfield code="b">eng</subfield>
    <subfield code="c">EG-GiCUC</subfield>
  </datafield>
  <datafield tag="041" ind1="0" ind2=" ">
    <subfield code="a">eng</subfield>
  </datafield>
  <datafield tag="049" ind1=" " ind2=" ">
    <subfield code="a">Deposite</subfield>
  </datafield>
  <datafield tag="097" ind1=" " ind2=" ">
    <subfield code="a">Ph.D</subfield>
  </datafield>
  <datafield tag="099" ind1=" " ind2=" ">
    <subfield code="a">Cai01.11.15.Ph.D.2013.Mo.S</subfield>
  </datafield>
  <datafield tag="100" ind1="0" ind2=" ">
    <subfield code="a">Mohammed Mohammed Sayed Ahmed</subfield>
  </datafield>
  <datafield tag="245" ind1="1" ind2="0">
    <subfield code="a">Study of qualitative blood flow parameters in the spiral artery and serum &#xDD;-subunit HCG and progesterone concentration in cases of first trimester threatened abortion / </subfield>
    <subfield code="b">Mohammed Mohammed Sayed Ahmed ; Supervised Hesham Sayed Badawi , Amr Abouelela , Badawe Mohammed Elkholy</subfield>
  </datafield>
  <datafield tag="246" ind1="1" ind2="5">
    <subfield code="a">&#x62F;&#x631;&#x627;&#x633;&#x629; &#x62E;&#x635;&#x627;&#x626;&#x635; &#x633;&#x631;&#x64A;&#x627;&#x646; &#x627;&#x644;&#x62F;&#x645; &#x641;&#x649; &#x627;&#x644;&#x634;&#x631;&#x64A;&#x627;&#x646; &#x627;&#x644;&#x62D;&#x644;&#x632;&#x648;&#x646;&#x649; &#x644;&#x644;&#x631;&#x62D;&#x645; &#x648; &#x642;&#x64A;&#x627;&#x633; &#x645;&#x633;&#x62A;&#x648;&#x649; &#x627;&#x644;&#x645;&#x646;&#x634;&#x637; &#x627;&#x644;&#x645;&#x646;&#x633;&#x644;&#x649; &#x628;&#x64A;&#x62A;&#x627; &#x648; &#x643;&#x645;&#x64A;&#x629; &#x647;&#x631;&#x645;&#x648;&#x646; &#x627;&#x644;&#x628;&#x631;&#x648;&#x62C;&#x64A;&#x633;&#x62A;&#x64A;&#x631;&#x648;&#x646; &#x641;&#x649; &#x627;&#x644;&#x62F;&#x645; &#x641;&#x649; &#x62D;&#x627;&#x644;&#x627;&#x62A; &#x627;&#x644;&#x627;&#x62C;&#x647;&#x627;&#x636; &#x627;&#x644;&#x645;&#x646;&#x630;&#x631; &#x641;&#x649; &#x627;&#x644;&#x62B;&#x644;&#x62B; &#x627;&#x644;&#x627;&#x648;&#x644; &#x645;&#x646; &#x627;&#x644;&#x62D;&#x645;&#x644;</subfield>
  </datafield>
  <datafield tag="260" ind1=" " ind2=" ">
    <subfield code="a">Cairo : </subfield>
    <subfield code="b">Mohammed Mohammed Sayed Ahmed , </subfield>
    <subfield code="c">2013</subfield>
  </datafield>
  <datafield tag="300" ind1=" " ind2=" ">
    <subfield code="a">190 Leaves : </subfield>
    <subfield code="b">charts , facsimiles ; </subfield>
    <subfield code="c">25cm</subfield>
  </datafield>
  <datafield tag="502" ind1=" " ind2=" ">
    <subfield code="a">Thesis (Ph.D.) - Cairo University - Faculty of Medicine - Department of Gynecology and Obstetrics</subfield>
  </datafield>
  <datafield tag="520" ind1=" " ind2=" ">
    <subfield code="a">This study finds that the use of transvaginal doppler for assessment of uteroplacental circulation in cases of threatened abortion is not useful as a predicator of pregnancy outcome. Also the use of measurement of &#xDD;-HCG is not useful as predictor of pregnancy outcome as there is great variation of &#xDD;-HCG level in normal pregnancies</subfield>
  </datafield>
  <datafield tag="530" ind1=" " ind2=" ">
    <subfield code="a">Issued also as CD</subfield>
  </datafield>
  <datafield tag="653" ind1=" " ind2="4">
    <subfield code="a">5/6 ratio</subfield>
  </datafield>
  <datafield tag="653" ind1=" " ind2="4">
    <subfield code="a">ACL</subfield>
  </datafield>
  <datafield tag="653" ind1=" " ind2="4">
    <subfield code="a">&#xDD;-HCG</subfield>
  </datafield>
  <datafield tag="700" ind1="0" ind2=" ">
    <subfield code="a">Amr Abouelela , </subfield>
    <subfield code="e">Supervisor</subfield>
  </datafield>
  <datafield tag="700" ind1="0" ind2=" ">
    <subfield code="a">Badawe Mohammed Elkholy , </subfield>
    <subfield code="e">Supervisor</subfield>
  </datafield>
  <datafield tag="700" ind1="0" ind2=" ">
    <subfield code="a">Hesham Sayed Badawi , </subfield>
    <subfield code="e">Supervisor</subfield>
  </datafield>
  <datafield tag="856" ind1=" " ind2=" ">
    <subfield code="u">http://172.23.153.220/th.pdf</subfield>
  </datafield>
  <datafield tag="905" ind1=" " ind2=" ">
    <subfield code="a">Nazla</subfield>
    <subfield code="e">Revisor</subfield>
  </datafield>
  <datafield tag="905" ind1=" " ind2=" ">
    <subfield code="a">Samia</subfield>
    <subfield code="e">Cataloger</subfield>
  </datafield>
  <datafield tag="942" ind1=" " ind2=" ">
    <subfield code="2">ddc</subfield>
    <subfield code="c">TH</subfield>
  </datafield>
  <datafield tag="999" ind1=" " ind2=" ">
    <subfield code="c">44042</subfield>
    <subfield code="d">44042</subfield>
  </datafield>
  <datafield tag="952" ind1=" " ind2=" ">
    <subfield code="2">ddc</subfield>
    <subfield code="7">0</subfield>
    <subfield code="a">CUCL</subfield>
    <subfield code="b">cl210</subfield>
    <subfield code="d">2024-02-11</subfield>
    <subfield code="o">Cai01.11.15.Ph.D.2013.Mo.S</subfield>
    <subfield code="p">01010110061132000</subfield>
    <subfield code="r">2023-09-22 00:00:00</subfield>
    <subfield code="y">TH</subfield>
  </datafield>
  <datafield tag="952" ind1=" " ind2=" ">
    <subfield code="2">ddc</subfield>
    <subfield code="7">0</subfield>
    <subfield code="a">CUCL</subfield>
    <subfield code="b">cl2u8</subfield>
    <subfield code="d">2024-02-11</subfield>
    <subfield code="o">Cai01.11.15.Ph.D.2013.Mo.S</subfield>
    <subfield code="p">01020110061132000</subfield>
    <subfield code="r">2023-09-22 00:00:00</subfield>
    <subfield code="t">61132.CD</subfield>
    <subfield code="y">CD</subfield>
  </datafield>
</record>
